European Capitals by Airport Code - Statistics

General Stats
  • This quiz has been taken 36,871 times
    33,229 since last reset
  • The average score is 26 of 40
Answer Stats
Code City % Correct
AMS Amsterdam
99%
DUB Dublin
94%
ATH Athens
93%
BER Berlin
91%
BRU Brussels
90%
LUX Luxembourg
90%
HEL Helsinki
89%
BUD Budapest
88%
LIS Lisbon
88%
MAD Madrid
88%
OSL Oslo
88%
WAW Warsaw
87%
PRG Prague
84%
VIE Vienna
84%
CPH Copenhagen
83%
ZAG Zagreb
83%
SOF Sofia
79%
BRN Bern
73%
LJU Ljubljana
73%
LHR London
72%
CDG Paris
72%
SKP Skopje
70%
BEG Belgrade
61%
TLL Tallinn
60%
BTS Bratislava
55%
FCO Rome
55%
RIX Riga
54%
TIA Tirana
52%
SJJ Sarajevo
49%
VNO Vilnius
49%
PRN Pristina
43%
MSQ Minsk
41%
ARN Stockholm
41%
KBP Kyiv
40%
KEF Reykjavik
38%
SVO Moscow
31%
MLA Valletta
31%
OTP Bucharest
30%
RMO Chisinau
23%
TGD Podgorica
23%
No matching quizzes found
Score Distribution
Percent of People with Each Score
Percentile by Number Answered
Your Score History
You have not taken this quiz since the last reset